Programs for digital signal processing

Αποθηκεύτηκε σε:
Λεπτομέρειες βιβλιογραφικής εγγραφής
Συλλογικό Έργο: IEEE (Συγγραφέας), Digital Signal Processing Committee (Συγγραφέας)
Μορφή: Βιβλίο
Γλώσσα:Αγγλικά
Έκδοση: Nueva York IEEE 1979
Θέματα:
Ετικέτες: Προσθήκη ετικέτας
Δεν υπάρχουν, Καταχωρήστε ετικέτα πρώτοι!

MARC

LEADER 00000nam a2200000 a 4500
001 UCV4466
003 CL-VaPUC
008 930519e19790000US |||||||||||||||||eng|d
082 0 4 |a 621.382  |b IEE  |2 21 
110 2 |a IEEE  |e author  |9 298717 
710 2 |a Digital Signal Processing Committee  |e author  |9 298718 
245 1 0 |a Programs for digital signal processing 
300 |a 600 p 
942 |c BK 
945 |d 19930519 00:00:00 
260 |a Nueva York  |b IEEE  |c 1979 
650 0 |a Procesamiento de señales   |9 260702 
650 7 |a TECNICAS DIGITALES  |2 CL-VaPUC  |9 260703 
583 |a last modification  |c 19930519 00:00:00  |k Rodrigo Vera 
999 |c 211280  |d 211278 
952 |0 0  |1 0  |4 0  |6 621_382000000000000_IEE_1979  |7 0  |8 A  |9 190022  |a BIBING  |b BIBING  |d 2019-11-14  |i 257702K  |o 621.382 IEE 1979  |p 257702K  |r 2025-01-20  |w 2019-11-14  |y BK  |k ING